भारत सरकार में संसदीय पुस्तिका की नियम पुस्तिका / (Record no. 121770)
[ view plain ]
| 000 -LEADER | |
|---|---|
| fixed length control field | 01265nam a22002657a 4500 |
| 005 - DATE AND TIME OF LATEST TRANSACTION | |
| control field | 20170124103220.0 |
| 010 ## - LIBRARY OF CONGRESS CONTROL NUMBER | |
| LC control number | B-152107 |
| 020 ## - INTERNATIONAL STANDARD BOOK NUMBER | |
| Terms of availability | 00.00 |
| International Standard Book Number | 8125916687 |
| 035 ## - SYSTEM CONTROL NUMBER | |
| System control number | B-152107 |
| 037 ## - SOURCE OF ACQUISITION | |
| Source of stock number/acquisition | Cen Lib/Ret |
| 040 ## - CATALOGING SOURCE | |
| Original cataloging agency | DPL |
| Language of cataloging | HN |
| 082 ## - DEWEY DECIMAL CLASSIFICATION NUMBER | |
| Classification number | 328.5405 |
| Item number | भारत |
| 110 ## - MAIN ENTRY--CORPORATE NAME | |
| Corporate name or jurisdiction name as entry element | भारत. संसदीय कार्य मंत्रालय |
| 9 (RLIN) | 100804 |
| 245 ## - TITLE STATEMENT | |
| Title | भारत सरकार में संसदीय पुस्तिका की नियम पुस्तिका / |
| 246 ## - VARYING FORM OF TITLE | |
| Title proper/short title | Bharat sarkar me sansadiya pustika ki niyal pustika / |
| 250 ## - EDITION STATEMENT | |
| Edition statement | 3rd ed |
| 260 ## - PUBLICATION, DISTRIBUTION, ETC. (IMPRINT) | |
| Place of publication, distribution, etc | नयी दिल्ली |
| Name of publisher, distributor, etc | विकास पब्लिशिंग हाउस |
| Date of publication, distribution, etc | 2005 |
| 270 ## - ADDRESS | |
| City | नयी दिल्ली |
| Address | 576, मस्जिद रोड, जंगपुरा |
| Postal code | 110014 |
| 300 ## - PHYSICAL DESCRIPTION | |
| Extent | 181पृ. |
| Dimensions | 22सेमी (सजिल्द) |
| 650 ## - SUBJECT ADDED ENTRY--TOPICAL TERM | |
| Topical term or geographic name as entry element | इंडिया। - संसद - नियम और अभ्यास |
| 9 (RLIN) | 100805 |
| 650 ## - SUBJECT ADDED ENTRY--TOPICAL TERM | |
| Topical term or geographic name as entry element | संसदीय अभ्यास - भारत |
| 9 (RLIN) | 112844 |
| 650 ## - SUBJECT ADDED ENTRY--TOPICAL TERM | |
| Topical term or geographic name as entry element | India. -- Parliament -- Rules and practice |
| 9 (RLIN) | 100807 |
| 650 ## - SUBJECT ADDED ENTRY--TOPICAL TERM | |
| Topical term or geographic name as entry element | Parliamentary practice -- India |
| 9 (RLIN) | 100808 |
| 942 ## - ADDED ENTRY ELEMENTS (KOHA) | |
| Source of classification or shelving scheme | Dewey Decimal Classification |
| Koha item type | Hindi Books |
| Classification part | 328.5405 |
| Call number suffix | भारत |
| Withdrawn status | Lost status | Damaged status | Not for loan | Home library | Current library | Date acquired | Source of acquisition | Cost, normal purchase price | Total Checkouts | Total Renewals | Full call number | Barcode | Date last seen | Date checked out | Copy number | Cost, replacement price | Price effective from | Koha item type |
|---|---|---|---|---|---|---|---|---|---|---|---|---|---|---|---|---|---|---|
| Central Library | Central Library | 13/10/2015 | Cen Lib/Ret | 295.00 | 4 | 1 | 328.5405 भारत | B-152107 | 24/06/2024 | 10/05/2024 | 1 | 295.00 | 15/09/2016 | Hindi Books | ||||
| Central Library | Central Library | 23/12/2015 | Cen Lib/Ret | 295.00 | 328.5405 भारत | B-152108 | 23/12/2015 | 2 | 295.00 | 23/12/2015 | Hindi Books |
